The pocket I-Ching / (Record no. 13113)

000 -LEADER
fixed length control field 00657cam a22002057a 4500
020 ## - INTERNATIONAL STANDARD BOOK NUMBER
ISBN 0804815666
040 ## - CATALOGING SOURCE
Transcribing agency DLC
082 ## - DEWEY DECIMAL CLASSIFICATION NUMBER
Classification number 133 C.E 1988 A002 Or.
100 1# - MAIN ENTRY--AUTHOR NAME
Personal name Melyan, Gary G.
245 14 - TITLE STATEMENT
Title The pocket I-Ching /
250 ## - EDITION STATEMENT
Edition statement 1st Yenbooks ed.
260 ## - PUBLICATION, DISTRIBUTION, ETC. (IMPRINT)
Place of publication Tokyo, Japan ;
-- [Rutland, Vt.] :
Name of publisher C.E. Tuttle,
Year of publication 1988, c1977.
300 ## - PHYSICAL DESCRIPTION
Number of Pages 182 p. ;
Dimensions 18 cm.
490 0# - SERIES STATEMENT
Series statement Yenbooks
500 ## - GENERAL NOTE
General note Originally published: Rutland, Vt. : C.E. Tuttle, c1977.
700 1# - ADDED ENTRY--PERSONAL NAME
Personal name Chu, Wen-kuang,
856 42 - ELECTRONIC LOCATION AND ACCESS
Uniform Resource Identifier http://www.loc.gov/catdir/enhancements/fy0828/88050327-b.html
856 42 - ELECTRONIC LOCATION AND ACCESS
Uniform Resource Identifier http://www.loc.gov/catdir/enhancements/fy0828/88050327-d.html
942 ## - ADDED ENTRY ELEMENTS (KOHA)
Koha item type សៀវភៅភាសាអង់គ្លេស
952 ## - LOCATION AND ITEM INFORMATION (KOHA)
Withdrawn status [LOCAL, KOHA] 0
952 ## - LOCATION AND ITEM INFORMATION (KOHA)
Withdrawn status [LOCAL, KOHA] 0
952 ## - LOCATION AND ITEM INFORMATION (KOHA)
Withdrawn status [LOCAL, KOHA] 0
Holdings
Permanent Location Date acquired Koha item type Lost status Shelving location Barcode Current Location Full call number
Library Block A2017-08-19សៀវភៅភាសាអង់គ្លេស A002A18351Library Block A133 C.E 1988 A002 Or.
Library Block A2017-08-19សៀវភៅភាសាអង់គ្លេស A002A15691Library Block A133 C.E 1988 A002 Or.
Library Block A2017-08-19សៀវភៅភាសាអង់គ្លេស A002A18131Library Block A133 C.E 1988 A002 Or.
មជ្ឈមណ្ឌលឯការនៃសាកលវិទ្យាល័យភូមិន្ទកសិកម្មចំការដូង

Powered by Koha